SCIENCE AND SCIENTISTS IN INDIA [ VEDIC TO MODERN ] (Record no. 8541)

MARC details
000 -LEADER
fixed length control field 00329nam a22001337a 4500
005 - DATE AND TIME OF LATEST TRANSACTION
control field 20240705141754.0
008 - FIXED-LENGTH DATA ELEMENTS--GENERAL INFORMATION
fixed length control field 240705b |||||||| |||| 00| 0 eng d
041 ## - LANGUAGE CODE
Language code of text/sound track or separate title eng
100 ## - MAIN ENTRY--AUTHOR NAME
Personal name JAIN, N.K.
245 ## - TITLE STATEMENT
Title SCIENCE AND SCIENTISTS IN INDIA [ VEDIC TO MODERN ]
260 ## - PUBLICATION, DISTRIBUTION, ETC. (IMPRINT)
Place of publication DELHI
Name of publisher KALYANI INDIA
300 ## - PHYSICAL DESCRIPTION
Number of Pages 162;p
942 ## - ADDED ENTRY ELEMENTS (KOHA)
Koha item type Books
Holdings
Lost status Damaged status Home library Current library Shelving location Date acquired Source of acquisition Cost, normal purchase price Accession Number Koha item type
    JRU Library JRU Library SHELF-44-L 05/07/2024 PURCHASE 200.00 28219 Books
    JRU Library JRU Library SHELF-44-L 05/07/2024 PURCHASE 200.00 28220 Books